000
00295nam a2200121 a 4500
001
4144
005
20140414131947.0
008
090317s19uu xx 00 eng d
050
_a
TR 372.4
_b
M38 2003
100
_a
Masonis, Tracy
245
_a
Reading, writing, & math. Grade 1.
999
_c
112712
_d
112712